[Event "CYCC U16"]
[Site "Hamilton CAN"]
[Date "2022.07.09"]
[Round "4.24"]
[White "Ajith, Aayush"]
[Black "He, Matthew"]
[Result "1-0"]
[WhiteElo "2122"]
[BlackElo "1945"]
[PlyCount "71"]
[EventDate "2022.07.08"]
[EventType "swiss"]
[EventRounds "7"]
[EventCountry "CAN"]

1. d4 d5 2. c4 e6 3. Nc3 Bb4 4. Nf3 Nf6 5. cxd5 exd5 6. Bg5 Nbd7 7. e3 O-O 8.
Bd3 c5 9. a3 Bxc3+ 10. bxc3 Qa5 11. Qc2 c4 12. Bf5 g6 13. Bxd7 Nxd7 14. O-O Re8
15. Nd2 Nb6 16. f3 Bd7 17. h4 Ba4 18. Qc1 Bc6 19. Qc2 Ba4 20. Qc1 Bc6 21. h5
Na4 22. Nb1 Re6 23. hxg6 hxg6 24. Ra2 f6 25. Bf4 Rae8 26. Re2 g5 27. Bg3 Qd8
28. f4 Nb6 29. fxg5 fxg5 30. Ref2 Nd7 31. Qd1 Nf6 32. Rf5 Ne4 33. Qh5 R8e7 34.
Rf7 Rxf7 35. Qxf7+ Kh8 36. Qxe6 1-0

[Event "CYCC U16"]
[Site "Hamilton CAN"]
[Date "2022.07.09"]
[Round "4.25"]
[White "Noor Ali, Aahil"]
[Black "Lin, Ethan"]
[Result "1-0"]
[WhiteElo "2025"]
[BlackElo "1464"]
[PlyCount "93"]
[EventDate "2022.07.08"]
[EventType "swiss"]
[EventRounds "7"]
[EventCountry "CAN"]

1. d4 Nf6 2. c4 e6 3. Nc3 c5 4. e3 a6 5. Nf3 cxd4 6. exd4 d5 7. cxd5 Nxd5 8.
Bc4 Nxc3 9. bxc3 b5 10. Bd3 Qc7 11. Bd2 Nd7 12. O-O Bb7 13. Re1 Be7 14. Rc1 Bd5
15. a4 Qc6 16. axb5 axb5 17. Rb1 Rb8 18. Qe2 Bc4 19. Bxc4 bxc4 20. Rxb8+ Nxb8
21. Ne5 Qd5 22. Qxc4 Qxc4 23. Nxc4 O-O 24. Kf1 Rc8 25. Ne5 f6 26. Nd3 Kf7 27.
Nf4 Rc6 28. Rb1 Nd7 29. Rb7 Nb6 30. Ke2 g5 31. Nd3 Ke8 32. Rb8+ Kf7 33. Bxg5
Nd5 34. Bd2 Nxc3+ 35. Bxc3 Rxc3 36. Rb7 Ke8 37. Nf4 Rc6 38. d5 exd5 39. Nxd5
Re6+ 40. Kf3 Kf8 41. Nxe7 Rxe7 42. Rxe7 Kxe7 43. Kf4 Kf7 44. Kf5 Kg7 45. g4 h6
46. h4 Kf7 47. h5 1-0

[Event "CYCC U16"]
[Site "Hamilton CAN"]
[Date "2022.07.09"]
[Round "4.26"]
[White "Chen, Richard"]
[Black "Grosman, Zachary"]
[Result "1-0"]
[WhiteElo "1977"]
[BlackElo "1338"]
[PlyCount "91"]
[EventDate "2022.07.08"]
[EventType "swiss"]
[EventRounds "7"]
[EventCountry "CAN"]

1. e4 e6 2. d4 d5 3. Nc3 Nf6 4. e5 Nfd7 5. Nf3 c5 6. Be3 cxd4 7. Bxd4 Nc6 8.
Bb5 Nxd4 9. Nxd4 a6 10. Bxd7+ Bxd7 11. O-O Qb6 12. Qd3 Rc8 13. Nce2 Bc5 14. a4
O-O 15. b3 Qc7 16. f4 Bb4 17. Rf3 f6 18. Rh3 f5 19. g4 Rce8 20. gxf5 exf5 21.
Qf3 Bc6 22. Kh1 g6 23. Rg1 Re7 24. Rg5 Bc5 25. Qd3 b5 26. Ng3 Kh8 27. Rxg6 Bb7
28. Ngxf5 Ref7 29. Ne6 d4+ 30. Kg1 Qa5 31. Nxc5 Qe1+ 32. Qf1 Qxf1+ 33. Kxf1
Rxf5 34. Nxb7 Rxf4+ 35. Kg2 Rf2+ 36. Kh1 Re2 37. axb5 d3 38. bxa6 d2 39. Rg1
Re1 40. Rd3 Rff1 41. Rxf1 Rxf1+ 42. Kg2 d1=Q 43. Rxd1 Rxd1 44. b4 Rb1 45. a7
Ra1 46. Na5 1-0

[Event "CYCC U16"]
[Site "Hamilton CAN"]
[Date "2022.07.09"]
[Round "4.28"]
[White "Zhang, Raymond Tangning"]
[Black "Tuladhar, Jude"]
[Result "1-0"]
[WhiteElo "1682"]
[BlackElo "1055"]
[PlyCount "79"]
[EventDate "2022.07.08"]
[EventType "swiss"]
[EventRounds "7"]
[EventCountry "CAN"]

1. d4 Nf6 2. Nf3 d5 3. c4 e6 4. e3 Nbd7 5. Nc3 c6 6. Bd3 Bd6 7. e4 dxe4 8. Nxe4
Nxe4 9. Bxe4 Nf6 10. Bc2 O-O 11. Bg5 Bb4+ 12. Bd2 Qb6 13. O-O Bxd2 14. Qxd2 c5
15. Rad1 cxd4 16. Qxd4 Qxd4 17. Rxd4 b6 18. Rfd1 Ba6 19. Ba4 Rac8 20. Ne5 Rc5
21. Nd7 Nxd7 22. Rxd7 g5 23. b3 b5 24. Bxb5 Bxb5 25. cxb5 Rxb5 26. Rxa7 Kg7 27.
h3 h5 28. Rdd7 e5 29. Rdb7 Rxb7 30. Rxb7 Ra8 31. a4 Kf6 32. Kf1 Ra5 33. Ke2 Ke6
34. g4 hxg4 35. hxg4 Rd5 36. f3 Rd4 37. b4 e4 38. a5 exf3+ 39. Kxf3 Kd5 40.
Rd7+ 1-0

[Event "CYCC U16"]
[Site "Hamilton CAN"]
[Date "2022.07.09"]
[Round "4.30"]
[White "Trudeau, Charlie"]
[Black "Cowan, Ryan"]
[Result "0-1"]
[WhiteElo "926"]
[BlackElo "1494"]
[PlyCount "34"]
[EventDate "2022.07.08"]
[EventType "swiss"]
[EventRounds "7"]
[EventCountry "CAN"]

1. d4 Nf6 2. c4 e6 3. Nf3 d5 4. g3 c5 5. Bg2 Nc6 6. cxd5 exd5 7. O-O Be6 8. Bg5
h6 9. Bxf6 Qxf6 10. Qb3 O-O-O 11. dxc5 Bxc5 12. Rc1 Bb6 13. a4 Kb8 14. Rxc6
bxc6 15. a5 Kb7 16. axb6 axb6 17. Qa4 Ra8 0-1

[Event "CYCC U16"]
[Site "Hamilton CAN"]
[Date "2022.07.09"]
[Round "4.32"]
[White "Sun, Michael"]
[Black "Zhang, William"]
[Result "1-0"]
[WhiteElo "1043"]
[BlackElo "678"]
[PlyCount "83"]
[EventDate "2022.07.08"]
[EventType "swiss"]
[EventRounds "7"]
[EventCountry "CAN"]

1. d4 Nf6 2. Bf4 e6 3. Nf3 d5 4. e3 c5 5. c3 Nc6 6. Bd3 Bd6 7. Ne5 Qc7 8. Nxc6
Bxf4 9. exf4 bxc6 10. O-O Qxf4 11. dxc5 e5 12. Nd2 Ng4 13. g3 Qh6 14. h4 e4 15.
Re1 O-O 16. Nxe4 dxe4 17. Bxe4 Qf6 18. Qf3 Qxf3 19. Bxf3 Rb8 20. b4 Nf6 21.
Bxc6 Be6 22. Red1 Rfc8 23. Bg2 Bc4 24. a4 a6 25. Rd4 Be6 26. c6 Bb3 27. b5 axb5
28. axb5 Be6 29. Rad1 h6 30. Rb4 Ng4 31. b6 Ne5 32. c7 Rxb6 33. Rd8+ Kh7 34.
Rxb6 Rxc7 35. Rbb8 Rxc3 36. Be4+ f5 37. Re8 fxe4 38. Rxe6 Nf3+ 39. Kf1 Rc1+ 40.
Kg2 Rg1+ 41. Kh3 g5 42. Rb7+ 1-0

[Event "CYCC U16"]
[Site "Hamilton CAN"]
[Date "2022.07.10"]
[Round "5.3"]
[White "Xu, Daniel"]
[Black "Windram, James"]
[Result "1-0"]
[WhiteElo "2051"]
[BlackElo "2149"]
[PlyCount "55"]
[EventDate "2022.07.08"]
[EventType "swiss"]
[EventRounds "7"]
[EventCountry "CAN"]

1. e4 c5 2. Nf3 d6 3. d4 cxd4 4. Nxd4 Nf6 5. Nc3 Nc6 6. Bg5 e6 7. Qd2 a6 8.
O-O-O Bd7 9. f4 b5 10. Bxf6 gxf6 11. Kb1 Qb6 12. Nxc6 Bxc6 13. f5 Qc5 14. Bd3
h5 15. e5 fxe5 16. Ne4 Bxe4 17. Bxe4 Rc8 18. Qg5 Be7 19. Qg7 Rf8 20. Rhf1 Qc4
21. Rde1 d5 22. Bd3 Qh4 23. fxe6 f6 24. Rxe5 Rc5 25. Rxh5 Qd4 26. Rh8 Rxh8 27.
Qxh8+ Bf8 28. Rxf6 1-0

[Event "CYCC U16"]
[Site "Hamilton CAN"]
[Date "2022.07.10"]
[Round "5.4"]
[White "Chen, Max"]
[Black "Batorshyn, Ilia"]
[Result "1-0"]
[WhiteElo "2299"]
[BlackElo "2063"]
[PlyCount "153"]
[EventDate "2022.07.08"]
[EventType "swiss"]
[EventRounds "7"]
[EventCountry "CAN"]

1. e4 c6 2. c4 d5 3. cxd5 cxd5 4. exd5 Nf6 5. Qa4+ Nbd7 6. Nc3 g6 7. Nf3 Bg7 8.
Bc4 O-O 9. d3 Nb6 10. Qb3 Bg4 11. Ng5 Qc7 12. Be3 Nxc4 13. dxc4 Qe5 14. h3 h6
15. hxg4 hxg5 16. Ne2 Nxg4 17. Bd4 Qf5 18. Qh3 Nf6 19. Bxf6 Qxh3 20. Rxh3 Bxf6
21. Rb3 Rac8 22. Rc1 b6 23. Rc2 Rfd8 24. Rd3 Kf8 25. Ng3 Be5 26. Ne4 g4 27. b4
e6 28. d6 f5 29. Ng5 Rxd6 30. Re3 Bf6 31. Rxe6 Rxe6+ 32. Nxe6+ Kf7 33. Nf4 g5
34. Nd3 Bd4 35. c5 bxc5 36. bxc5 Ke6 37. Re2+ Kd5 38. Re7 Kc4 39. Kd2 Rd8 40.
Kc2 Bxc5 41. Nxc5 Kxc5 42. Rxa7 Rc8 43. Kd3 Rd8+ 44. Kc3 Rc8 45. Kd3 Rd8+ 46.
Kc3 Rc8 47. Ra5+ Kb6+ 48. Kb4 Rc2 49. Rxf5 Rxa2 50. Rxg5 Rxf2 51. Rxg4 Kc6 52.
Kc4 Kd6 53. Kd4 Ke6 54. Ke4 Re2+ 55. Kf3 Rb2 56. Rf4 Ke5 57. Rf8 Rb1 58. Kg4
Ke6 59. Kh5 Rh1+ 60. Kg6 Rg1 61. Re8+ Kd7 62. Re2 Kd6 63. Kg5 Kd7 64. g4 Kd6
65. Kh5 Rh1+ 66. Kg6 Rg1 67. g5 Kd7 68. Kh6 Rg4 69. g6 Rh4+ 70. Kg7 Rg4 71. Kf7
Rf4+ 72. Kg7 Rg4 73. Kf7 Rf4+ 74. Kg8 Rg4 75. g7 Kd6 76. Rh2 Rg3 77. Kh8 1-0

[Event "CYCC U16"]
[Site "Hamilton CAN"]
[Date "2022.07.10"]
[Round "5.17"]
[White "Huang, Youhe"]
[Black "Rusonik, Max"]
[Result "1-0"]
[WhiteElo "2237"]
[BlackElo "2291"]
[PlyCount "69"]
[EventDate "2022.07.08"]
[EventType "swiss"]
[EventRounds "7"]
[EventCountry "CAN"]

1. e4 c5 2. Nf3 d6 3. d4 cxd4 4. Nxd4 Nf6 5. Nc3 a6 6. Nb3 g6 7. Bg5 Bg7 8. Qd2
h5 9. O-O-O Nbd7 10. f3 b6 11. Kb1 Bb7 12. Nd5 Rc8 13. Qb4 Nxd5 14. exd5 Qc7
15. c4 Ne5 16. Rc1 O-O 17. Be3 Nd7 18. h4 Nc5 19. g4 Qd7 20. Nxc5 bxc5 21. Qd2
f5 22. gxh5 f4 23. Bf2 Qf5+ 24. Bd3 Qxh5 25. Rcg1 Rf6 26. Be4 Bh6 27. Qc2 Kh7
28. Be1 e5 29. Rh2 Rf5 30. Rhg2 Rcf8 31. Rxg6 Qxg6 32. Rxg6 Kxg6 33. h5+ Kg5
34. Qg2+ Kxh5 35. Qg4# 1-0

[Event "CYCC U16"]
[Site "Hamilton CAN"]
[Date "2022.07.10"]
[Round "5.18"]
[White "Issani, Nameer"]
[Black "Zaka, Mohid"]
[Result "1-0"]
[WhiteElo "2252"]
[BlackElo "1749"]
[PlyCount "53"]
[EventDate "2022.07.08"]
[EventType "swiss"]
[EventRounds "7"]
[EventCountry "CAN"]

1. d4 d5 2. c4 e6 3. Nc3 Be7 4. Bf4 Nf6 5. Nf3 b6 6. cxd5 Nxd5 7. Bg3 Bb4 8.
Qc2 Bb7 9. e4 Nxc3 10. bxc3 Be7 11. Rd1 O-O 12. Bd3 c5 13. dxc5 h6 14. cxb6
Qxb6 15. O-O Na6 16. Rb1 Qc6 17. Nd4 Qc8 18. Qe2 Nc5 19. Bc2 Rd8 20. Qe3 Ba6
21. Rfd1 Bd6 22. e5 Be7 23. f4 Bb7 24. f5 Bd5 25. f6 Bf8 26. fxg7 Bxg7 27. Bf4
1-0

[Event "CYCC U16"]
[Site "Hamilton CAN"]
[Date "2022.07.10"]
[Round "5.19"]
[White "Joseph Benher, Savio"]
[Black "Lu, Eddie"]
[Result "0-1"]
[WhiteElo "2207"]
[BlackElo "1738"]
[PlyCount "72"]
[EventDate "2022.07.08"]
[EventType "swiss"]
[EventRounds "7"]
[EventCountry "CAN"]

1. e4 d6 2. d4 Nf6 3. Nc3 Nbd7 4. Nf3 e5 5. Bc4 Be7 6. O-O O-O 7. h3 c6 8. a4
b6 9. Be3 a6 10. Nd2 exd4 11. Bxd4 Bb7 12. Bd3 b5 13. axb5 axb5 14. f4 Rxa1 15.
Qxa1 Qa8 16. e5 Nh5 17. Qd1 Ng3 18. Re1 c5 19. Bf2 c4 20. Bxg3 cxd3 21. Nce4
dxe5 22. cxd3 f5 23. Nc3 Rf6 24. Qe2 Rg6 25. Nf1 Bc5+ 26. Kh1 exf4 27. Bxf4
Rxg2 28. Qe6+ Kh8 29. Ne4 Rg1+ 30. Kh2 fxe4 31. Qxd7 Qf8 32. Qc7 Kg8 33. Qe5
exd3 34. Qe6+ Kh8 35. Qe5 Rg2+ 36. Kh1 Re2+ 0-1

[Event "CYCC U16"]
[Site "Hamilton CAN"]
[Date "2022.07.10"]
[Round "5.21"]
[White "Bui, Alan"]
[Black "Noor Ali, Aahil"]
[Result "0-1"]
[WhiteElo "2097"]
[BlackElo "2025"]
[PlyCount "66"]
[EventDate "2022.07.08"]
[EventType "swiss"]
[EventRounds "7"]
[EventCountry "CAN"]

1. d4 Nf6 2. Nf3 e6 3. Bf4 b6 4. e3 Bb7 5. Nbd2 Be7 6. h3 d6 7. Bd3 Nbd7 8. O-O
h6 9. e4 g5 10. Be3 g4 11. hxg4 Nxg4 12. Re1 Ndf6 13. Nh2 h5 14. Bf4 e5 15.
dxe5 dxe5 16. Nxg4 Nxg4 17. Be3 Bb4 18. Qf3 Qh4 19. c3 O-O-O 20. Qf5+ Kb8 21.
Nf3 Qe7 22. Bc4 Bc5 23. Qxf7 Qxf7 24. Bxf7 Bxe3 25. fxe3 Bxe4 26. Rad1 Rd6 27.
Ng5 Rxd1 28. Rxd1 Bxg2 29. e4 h4 30. Be6 h3 31. Bxg4 Rg8 32. Bxh3 Bxh3 33. Kh2
Bg4 0-1

[Event "CYCC U16"]
[Site "Hamilton CAN"]
[Date "2022.07.10"]
[Round "5.22"]
[White "Wu, Benjamin"]
[Black "Chen, Richard"]
[Result "0-1"]
[WhiteElo "1870"]
[BlackElo "1977"]
[PlyCount "88"]
[EventDate "2022.07.08"]
[EventType "swiss"]
[EventRounds "7"]
[EventCountry "CAN"]

1. e4 e5 2. Nf3 Nc6 3. Bb5 a6 4. Ba4 Nf6 5. O-O Be7 6. Re1 b5 7. Bb3 d6 8. c3
Bg4 9. h3 Bh5 10. d3 O-O 11. Nbd2 Na5 12. Bc2 c5 13. Nf1 Bg6 14. g4 h5 15. Nh4
hxg4 16. Nxg6 fxg6 17. hxg4 Qd7 18. f3 Nh7 19. Be3 Bh4 20. Re2 Rxf3 21. Rg2
Raf8 22. Qe2 Bg5 23. Re1 c4 24. Bd1 Bh4 25. Nh2 Rh3 26. Rf1 Rxf1+ 27. Nxf1 Ng5
28. Qd2 Nf3+ 29. Bxf3 Rxf3 30. Nh2 Rh3 31. d4 Nc6 32. d5 Nb8 33. Bf2 Rd3 34.
Qe2 Bg5 35. Nf1 Qf7 36. Rg3 Rxg3+ 37. Bxg3 Bf4 38. Qf2 Bxg3 39. Qxf7+ Kxf7 40.
Nxg3 Nd7 41. Kf2 Nc5 42. Ke3 Kf6 43. Ne2 Kg5 44. Kf3 Kh4 0-1

[Event "CYCC U16"]
[Site "Hamilton CAN"]
[Date "2022.07.10"]
[Round "5.23"]
[White "Liu, Henry"]
[Black "Zhu, Matthew"]
[Result "1-0"]
[WhiteElo "2051"]
[BlackElo "2018"]
[PlyCount "123"]
[EventDate "2022.07.08"]
[EventType "swiss"]
[EventRounds "7"]
[EventCountry "CAN"]

1. c4 c5 2. Nc3 g6 3. g3 Bg7 4. Bg2 Nc6 5. d3 d6 6. e3 e5 7. Nge2 f5 8. Rb1 Be6
9. a3 Nf6 10. b4 cxb4 11. axb4 d5 12. c5 a6 13. b5 axb5 14. Nxb5 O-O 15. O-O b6
16. cxb6 Qxb6 17. Ba3 Rfd8 18. Nbd4 Qa6 19. Nxe6 Qxa3 20. Nxd8 Rxd8 21. Qb3 Qd6
22. Rfc1 Ne7 23. Qb6 Bh6 24. Rc7 Kf7 25. Qa7 Rd7 26. Rxd7 Nxd7 27. Rb7 Nf6 28.
Nc3 Bf8 29. Rb6 Qd8 30. Nb5 g5 31. Rb8 Qd7 32. Qxd7 Nxd7 33. Rd8 Ke6 34. e4
dxe4 35. dxe4 Nc6 36. exf5+ Ke7 37. Rxf8 Nxf8 38. Bxc6 Kf6 39. g4 h5 40. h3
hxg4 41. hxg4 Nh7 42. Nc3 Ke7 43. Ne4 Kf7 44. f3 Ke7 45. Kf2 Kd8 46. Ke3 Kc7
47. Be8 Kd8 48. Bg6 Nf8 49. Nxg5 Ke7 50. Nh7 Nd7 51. g5 e4 52. fxe4 Ne5 53. f6+
Ke6 54. Bf5+ Kf7 55. Kd4 Nc6+ 56. Kd5 Nd8 57. g6+ Ke8 58. Bd7+ Kxd7 59. g7 Kc7
60. g8=Q Nc6 61. Qc8+ Kxc8 62. Kxc6 1-0

[Event "CYCC U16"]
[Site "Hamilton CAN"]
[Date "2022.07.10"]
[Round "5.24"]
[White "He, Matthew"]
[Black "Gaisinsky, Jacob"]
[Result "1-0"]
[WhiteElo "1945"]
[BlackElo "1568"]
[PlyCount "127"]
[EventDate "2022.07.08"]
[EventType "swiss"]
[EventRounds "7"]
[EventCountry "CAN"]

1. d4 Nf6 2. c4 e6 3. Nc3 Bb4 4. Qc2 d5 5. cxd5 exd5 6. Bg5 O-O 7. e3 Nbd7 8.
a3 Bxc3+ 9. Qxc3 b6 10. Qc6 Rb8 11. Bf4 Ne8 12. Qxd5 Bb7 13. Qg5 Qxg5 14. Bxg5
Nef6 15. f3 h6 16. Bh4 Rbc8 17. Bd3 g5 18. Bf2 c5 19. e4 cxd4 20. Bxd4 Nc5 21.
Bxc5 Rxc5 22. Ne2 Rd8 23. Rd1 Nd7 24. b4 Rcc8 25. Bb5 Ne5 26. O-O Rxd1 27. Rxd1
Rc2 28. Rd8+ Kg7 29. Nd4 Rc7 30. Nf5+ Kh7 31. Rd6 Ng6 32. Rd7 Rxd7 33. Bxd7 Ne5
34. Be8 Bc8 35. Nd6 Be6 36. Nb5 a6 37. Nc7 Bc8 38. b5 axb5 39. Bxb5 Bb7 40. Nd5
Bxd5 41. exd5 Kg7 42. Kf2 f5 43. Ke3 Kf6 44. Kd4 Nf7 45. Bd3 f4 46. Bb5 Nd6 47.
Bd3 Nf7 48. a4 Nd6 49. Bb1 Nf7 50. Bc2 Nd6 51. Bd3 Nf7 52. Bb5 Nd6 53. Bd7 Nf7
54. Bc8 Nd6 55. Be6 Nb7 56. Bd7 Nd6 57. g3 fxg3 58. hxg3 h5 59. f4 gxf4 60.
gxf4 h4 61. Ke3 Nc4+ 62. Kf3 Ke7 63. Bc6 Kd6 64. Kg4 1-0

[Event "CYCC U16"]
[Site "Hamilton CAN"]
[Date "2022.07.10"]
[Round "5.25"]
[White "Cowan, Ryan"]
[Black "Zhang, Raymond Tangning"]
[Result "1/2-1/2"]
[WhiteElo "1494"]
[BlackElo "1682"]
[PlyCount "54"]
[EventDate "2022.07.08"]
[EventType "swiss"]
[EventRounds "7"]
[EventCountry "CAN"]

1. e4 e6 2. d4 d5 3. exd5 exd5 4. Nf3 Nf6 5. c4 c6 6. Nc3 Bg4 7. h3 Bh5 8. Be2
Bd6 9. O-O O-O 10. Bg5 dxc4 11. d5 h6 12. Bxf6 Qxf6 13. dxc6 Nxc6 14. Ne4 Qf4
15. Nxd6 Rad8 16. g3 Qxd6 17. Qxd6 Rxd6 18. g4 Bg6 19. Bxc4 Rfd8 20. Be2 Bd3
21. Rfe1 Bxe2 22. Rxe2 Nd4 23. Nxd4 Rxd4 24. Re7 R8d7 25. Rae1 g5 26. Kg2 Rd2
27. R7e2 Kg7 1/2-1/2

[Event "CYCC U16"]
[Site "Hamilton CAN"]
[Date "2022.07.10"]
[Round "5.27"]
[White "Lin, Ethan"]
[Black "Sun, Michael"]
[Result "1-0"]
[WhiteElo "1464"]
[BlackElo "1043"]
[PlyCount "59"]
[EventDate "2022.07.08"]
[EventType "swiss"]
[EventRounds "7"]
[EventCountry "CAN"]

1. e4 c6 2. d4 d5 3. Nc3 dxe4 4. Nxe4 Bf5 5. Ng3 Bg6 6. Nf3 e6 7. Bd3 Bxd3 8.
Qxd3 Nd7 9. O-O Ngf6 10. Re1 Be7 11. c4 O-O 12. Bf4 c5 13. d5 exd5 14. cxd5 Nb6
15. d6 Bxd6 16. Qxd6 Nc4 17. Qxd8 Raxd8 18. b3 Nb6 19. Bg5 Nbd5 20. Rad1 h6 21.
Bxf6 Nxf6 22. Nf5 Nd5 23. Rxd5 Rxd5 24. Ne7+ Kh7 25. Nxd5 Rd8 26. Rd1 Re8 27.
Kf1 b6 28. Ne3 Re7 29. Rd5 g6 30. Ke2 1-0

[Event "CYCC U16"]
[Site "Hamilton CAN"]
[Date "2022.07.10"]
[Round "5.28"]
[White "Grosman, Zachary"]
[Black "Yang, Allen"]
[Result "0-1"]
[WhiteElo "1338"]
[BlackElo "1469"]
[PlyCount "100"]
[EventDate "2022.07.08"]
[EventType "swiss"]
[EventRounds "7"]
[EventCountry "CAN"]

1. d4 d5 2. c4 e6 3. Nc3 Nf6 4. Bg5 Be7 5. Nf3 O-O 6. e3 h6 7. Bh4 b6 8. Bd3
Bb7 9. O-O c5 10. dxc5 bxc5 11. cxd5 exd5 12. Rc1 Nbd7 13. Qe2 Ne4 14. Bxe7
Qxe7 15. Ba6 Ndf6 16. Bxb7 Qxb7 17. Rfd1 Rfd8 18. Ne1 Rac8 19. f3 Ng5 20. Na4
Ne6 21. Nd3 Qe7 22. Rc2 Re8 23. Kf2 Qd6 24. g3 Nd4 25. exd4 Rxe2+ 26. Rxe2 cxd4
27. Rde1 Nd7 28. b4 Kf8 29. Nac5 Nxc5 30. Nxc5 a5 31. a3 axb4 32. axb4 g6 33.
Kg2 Rb8 34. Nd3 Rb7 35. Re8+ Kg7 36. R8e2 h5 37. h4 Qf6 38. Re5 Qc6 39. R5e2
Qc4 40. Rd1 Ra7 41. Rdd2 Ra3 42. Ne1 Rb3 43. Kf2 Qxb4 44. Nc2 Qc5 45. Nxd4 Rb4
46. Ke3 Rxd4 47. Rxd4 Qc3+ 48. Rd3 d4+ 49. Ke4 f5+ 50. Kd5 Qxd3 0-1

[Event "CYCC U16"]
[Site "Hamilton CAN"]
[Date "2022.07.10"]
[Round "6.16"]
[White "Xu, Daniel"]
[Black "Chen, Max"]
[Result "0-1"]
[WhiteElo "2128"]
[BlackElo "2299"]
[PlyCount "90"]
[EventDate "2022.07.08"]
[EventType "swiss"]
[EventRounds "7"]
[EventCountry "CAN"]

1. e4 c5 2. Nf3 d6 3. d4 cxd4 4. Nxd4 Nf6 5. Nc3 a6 6. f3 e5 7. Nb3 Be6 8. Be3
Be7 9. Qd2 O-O 10. O-O-O Nbd7 11. g4 b5 12. g5 b4 13. Ne2 Ne8 14. f4 exf4 15.
Nxf4 Bxg5 16. Nxe6 Bxe3 17. Qxe3 fxe6 18. Bc4 Rf6 19. Nd4 Nc7 20. Nc6 Qf8 21.
Qd4 Nc5 22. Rhf1 Nb5 23. Rxf6 Qxf6 24. Bxb5 axb5 25. e5 Qf3 26. Qxd6 b3 27.
cxb3 Qf4+ 28. Qd2 Nxb3+ 29. axb3 Ra1+ 30. Kc2 Qe4+ 31. Kc3 Qf3+ 32. Kc2 Rxd1
33. Qxd1 Qxc6+ 34. Kb1 Qe4+ 35. Ka2 Qxe5 36. Qd7 h6 37. Qe8+ Kh7 38. h4 h5 39.
Ka3 Qc5+ 40. b4 Qe3+ 41. Ka2 Qe2 42. Kb3 e5 43. Qe6 Qf3+ 44. Ka2 Qa8+ 45. Kb3
Qg8 0-1

[Event "CYCC U16"]
[Site "Hamilton CAN"]
[Date "2022.07.10"]
[Round "6.17"]
[White "Batorshyn, Ilia"]
[Black "Huang, Youhe"]
[Result "0-1"]
[WhiteElo "2063"]
[BlackElo "2237"]
[PlyCount "130"]
[EventDate "2022.07.08"]
[EventType "swiss"]
[EventRounds "7"]
[EventCountry "CAN"]

1. Nf3 Nf6 2. c4 e6 3. Nc3 d5 4. d4 c6 5. cxd5 exd5 6. Bg5 Be7 7. e3 O-O 8. Qc2
Re8 9. Bd3 Nbd7 10. O-O h6 11. Bh4 Ne4 12. Bxe7 Qxe7 13. a3 Ndf6 14. Rfe1 Ng4
15. Bxe4 dxe4 16. Nd2 Qh4 17. Nf1 Bf5 18. h3 Nf6 19. f4 Bd7 20. Qf2 Qh5 21. b4
Qf5 22. Rac1 a5 23. Rb1 axb4 24. axb4 Qe6 25. Nd2 Kh7 26. Rec1 Rg8 27. b5 g5
28. f5 Qe7 29. bxc6 bxc6 30. g3 g4 31. h4 Ra5 32. Qg2 Rxf5 33. Ncxe4 Re8 34.
Nxf6+ Qxf6 35. Re1 c5 36. d5 Qe5 37. Kh1 Qxd5 38. e4 Qa8 39. Ra1 Qb7 40. Kh2
Rf6 41. Qe2 Qb2 42. Rf1 Rxf1 43. Rxf1 Be6 44. e5 Rd8 45. Rf2 Rd5 46. Ne4 Qxe2
47. Rxe2 Kg6 48. Rc2 Bf5 49. Nc3 Rxe5 50. Rd2 Be6 51. Kg2 Re3 52. Ne2 c4 53.
Nf4+ Kf5 54. Rb2 c3 55. Rb5+ Re5 56. Rb6 Rc5 57. Nd3 c2 58. Nc1 Rc3 59. Rb4
Bd5+ 60. Kh2 Re3 61. Rf4+ Ke6 62. Rf1 f5 63. h5 Kf6 64. Rg1 Ke6 65. Na2 Re2+
0-1

[Event "CYCC U16"]
[Site "Hamilton CAN"]
[Date "2022.07.10"]
[Round "6.18"]
[White "Lu, Eddie"]
[Black "Issani, Nameer"]
[Result "0-1"]
[WhiteElo "1739"]
[BlackElo "2252"]
[PlyCount "34"]
[EventDate "2022.07.08"]
[EventType "swiss"]
[EventRounds "7"]
[EventCountry "CAN"]

1. d4 Nf6 2. c4 e6 3. g3 Bb4+ 4. Bd2 Qe7 5. Nf3 O-O 6. Bg2 d5 7. O-O Nbd7 8. a3
Bxd2 9. Nbxd2 b6 10. b4 c5 11. cxd5 Nxd5 12. bxc5 bxc5 13. e4 N5b6 14. Qe2 Bb7
15. Rfb1 Rac8 16. dxc5 Nxc5 17. Nb3 Bxe4 0-1

[Event "CYCC U16"]
[Site "Hamilton CAN"]
[Date "2022.07.10"]
[Round "6.19"]
[White "Noor Ali, Aahil"]
[Black "Windram, James"]
[Result "1/2-1/2"]
[WhiteElo "2025"]
[BlackElo "2149"]
[PlyCount "98"]
[EventDate "2022.07.08"]
[EventType "swiss"]
[EventRounds "7"]
[EventCountry "CAN"]

1. d4 Nf6 2. c4 e6 3. Nc3 c5 4. Nf3 cxd4 5. Nxd4 a6 6. g3 Qc7 7. Qd3 b6 8. Bg2
Bb7 9. Bxb7 Qxb7 10. Qf3 Qxf3 11. Nxf3 Nc6 12. Bg5 Bb4 13. Bxf6 gxf6 14. Kd2
Rc8 15. Kd3 Bxc3 16. Kxc3 Na5 17. b3 d5 18. Rac1 b5 19. c5 Kd7 20. b4 Nc4 21.
Rhd1 Ne5 22. Nd4 f5 23. a4 bxa4 24. Ra1 a5 25. Rxa4 axb4+ 26. Kxb4 Rb8+ 27. Kc3
Rhc8 28. Nb3 Rc7 29. Rda1 Nc6 30. Ra8 Rcc8 31. Rxb8 Rxb8 32. Ra4 e5 33. Rh4 d4+
34. Kc2 Nb4+ 35. Kd2 Na6 36. Kc2 Rc8 37. Rxh7 Nxc5 38. Nxc5+ Rxc5+ 39. Kd2 Ke6
40. Rh6+ f6 41. Rh7 Ra5 42. Rc7 e4 43. Rc6+ Ke5 44. f4+ Kd5 45. Rc8 Ra2+ 46.
Kd1 d3 47. exd3 Kd4 48. Rc2 Ra1+ 49. Kd2 exd3 1/2-1/2

[Event "CYCC U16"]
[Site "Hamilton CAN"]
[Date "2022.07.10"]
[Round "6.20"]
[White "Ajith, Aayush"]
[Black "Liu, Henry"]
[Result "1-0"]
[WhiteElo "2122"]
[BlackElo "2051"]
[PlyCount "135"]
[EventDate "2022.07.08"]
[EventType "swiss"]
[EventRounds "7"]
[EventCountry "CAN"]

1. d4 d5 2. c4 c6 3. Nc3 Nf6 4. Nf3 e6 5. Bg5 Be7 6. e3 Nbd7 7. Qc2 h6 8. Bf4
O-O 9. cxd5 exd5 10. Bd3 Re8 11. O-O Nh5 12. Be5 Nf8 13. Rab1 Bd6 14. b4 Bg4
15. Bxd6 Bxf3 16. Bg3 Nxg3 17. hxg3 Bg4 18. b5 h5 19. bxc6 bxc6 20. Na4 h4 21.
gxh4 Qxh4 22. Bf5 Ng6 23. Nc5 Ne7 24. Bxg4 Qxg4 25. Qd1 Qxd1 26. Rfxd1 Rab8 27.
Nb7 Rec8 28. Rb3 Rc7 29. Rdb1 Nc8 30. a4 Nb6 31. Nc5 Rbc8 32. Kf1 Kf8 33. Ke2
Nc4 34. Na6 Rd7 35. g4 Ke7 36. Rb7 Na5 37. R7b4 Kd6 38. Nc5 Rdc7 39. Rh1 Rf8
40. Rh5 f6 41. Rh7 Rfc8 42. Rb1 Re7 43. Kf1 Rf8 44. Kg2 f5 45. Nd3 Nc4 46. g5
Rff7 47. Rb8 Rb7 48. Rd8+ Kc7 49. Rg8 Kd6 50. Kg3 Nd2 51. g6 Ne4+ 52. Kg2 Rfe7
53. Rd8+ Kc7 54. Rf8 Ng5 55. Rh5 Ne6 56. Rfxf5 Kb6 57. Re5 Ka5 58. Rh8 Rbc7 59.
f4 Rcd7 60. Kg3 Nc7 61. f5 Na6 62. Kf3 Kxa4 63. Rf8 Kb5 64. Rxe7 Rxe7 65. Rf7
Re8 66. Rxg7 Rf8 67. Rf7 Rg8 68. g7 1-0

[Event "CYCC U16"]
[Site "Hamilton CAN"]
[Date "2022.07.10"]
[Round "6.21"]
[White "Chen, Richard"]
[Black "He, Matthew"]
[Result "1/2-1/2"]
[WhiteElo "1977"]
[BlackElo "1945"]
[PlyCount "110"]
[EventDate "2022.07.08"]
[EventType "swiss"]
[EventRounds "7"]
[EventCountry "CAN"]

1. e4 c6 2. d4 d5 3. exd5 cxd5 4. Bd3 Nc6 5. c3 Nf6 6. Bf4 Bg4 7. Nf3 e6 8.
Nbd2 Bd6 9. Bxd6 Qxd6 10. O-O O-O 11. h3 Bh5 12. Qb3 Bg6 13. Bxg6 hxg6 14. Rfe1
b5 15. a4 b4 16. Ne5 bxc3 17. Qxc3 Rfc8 18. Rac1 Ne7 19. Qa5 Qb6 20. Qxb6 axb6
21. b3 Nf5 22. Ndf3 Nd6 23. Rc6 Rxc6 24. Nxc6 Nfe4 25. Ra1 f6 26. b4 Nc4 27. a5
bxa5 28. Nxa5 Ned6 29. Nb3 Rxa1+ 30. Nxa1 Kf7 31. Kf1 Ke7 32. Nb3 Na3 33. Ne1
Ne4 34. Nc5 Nb5 35. Nxe4 dxe4 36. f3 Nxd4 37. fxe4 Kd6 38. Nd3 Kc6 39. Nf4 g5
40. Nh5 Kd6 41. Nxg7 Ke5 42. Ne8 Nb5 43. Ke2 Nc3+ 44. Kd3 Nxe4 45. Kc4 Nd2+ 46.
Kc5 Nb3+ 47. Kc4 Nd2+ 48. Kd3 Ne4 49. b5 Nc5+ 50. Kc4 Nd7 51. Ng7 f5 52. g3 Kf6
53. Ne8+ Ke7 54. Nc7 Kd6 55. Ne8+ Ke7 1/2-1/2